United Nations general assembly special session on the implementation of the outcome of the world summit for social development and further initiatives : Geneva, Switzerland 26-30 June 2000

Αποθηκεύτηκε σε:
Λεπτομέρειες βιβλιογραφικής εγγραφής
Συλλογικό Έργο: United Nations. General Assembly. Special Session on the Implementation of the Outcome of the World Summit for Social Development and Further Initiatives, United Nations. Division for Social Policy and Development
Μορφή: Βιβλίο
Γλώσσα:English
Δημοσίευση: New York : Development and Human Rights Section. Department of Public Information, 2000
Θέματα:
Ετικέτες: Προσθήκη ετικέτας
Δεν υπάρχουν, Καταχωρήστε ετικέτα πρώτοι!

MARC

LEADER 00000cam a2200000 i 4500
001 1/65584
008 020517s2000 eng d
035 |l 10001580 
040 |a GR-MY-UA  |b gre  |e aacr 
041 0 |a eng 
082 0 |a 361.26 
245 1 0 |a United Nations general assembly special session on the implementation of the outcome of the world summit for social development and further initiatives :  |b Geneva, Switzerland 26-30 June 2000 /  |c United Nations. Division for Social Policy and Development. Department of Economic and Social Affairs. 
260 |a New York :   |b Development and Human Rights Section. Department of Public Information,   |c 2000 
300 |a 1 paperholder (in various paging) 
650 0 0 |a Social policy  |x Congresses. 
650 0 0 |a Economic development  |x Social aspects  |x Congresses. 
710 2 |a United Nations.   |b General Assembly.   |b Special Session on the Implementation of the Outcome of the World Summit for Social Development and Further Initiatives. 
710 2 |a United Nations.   |b Division for Social Policy and Development. 
852 |a INST  |b CHIOS  |e 20020517  |h 361.26 UNI  |p 005200019748  |q 005200019748  |t BK  |y 0 
901 |a BIBL2-2002-2 
909 |a Χ  |b 099974 
970 |a ΣΑΛΑΜΟΥΡΑ  |b ΜΑΡΙΑ  |z 2002/05/17